[Event "Oberliga Ost-A 1516"]
[Site "Germany"]
[Date "2015.11.15"]
[Round "4.3"]
[White "Beyer, Till"]
[Black "Rosenfeld, Alexander"]
[Result "0-1"]
[WhiteElo "2069"]
[BlackElo "2148"]
[PlyCount "76"]
[EventDate "2015.09.20"]
[EventType "team-tourn"]
[EventRounds "11"]
[EventCountry "GER"]
[SourceTitle "EXT 2017"]
[Source "ChessBase"]
[SourceDate "2016.10.25"]
[SourceVersion "1"]
[SourceVersionDate "2016.10.25"]
[SourceQuality "1"]
[WhiteTeam "Leipzig SG II"]
[BlackTeam "Bannewitz"]
[WhiteTeamCountry "GER"]
[BlackTeamCountry "GER"]

1. Nf3 Nf6 2. c4 e6 3. g3 b6 4. Bg2 Bb7 5. 0-0 Be7 6. d4 0-0 7. Nc3 Ne4 8. Qc2 Nxc3 9. bxc3 f5 10. Ne5 Bxg2 11. Kxg2 d6 12. Nd3 Qd7 13. d5 e5 14. f4 e4 15. Nf2 c6 16. Qb3 Na6 17. Be3 cxd5 18. cxd5 Rac8 19. a4 Qc7 20. Bd4 Bf6 21. a5 bxa5 22. Qb5 Bxd4 23. cxd4 Nb4 24. Rxa5 Rb8 25. Qa4 a6 26. Nd1 Qc4 27. e3 Rfc8 28. Rf2 Qc1 29. Qa1 Nd3 30. Qxc1 Rxc1 31. Rf1 Rbb1 32. Rxa6 Rxd1 33. Rxd1 Rxd1 34. Rxd6 Rd2+ 35. Kh3 Ne1 36. g4 Ng2 37. gxf5 Nxe3 38. Re6 Rxd4 0-1